000 02446cam a22005414i 4500
003 PE-LiUPU
005 20250731180126.0
008 150625s r 000 0 d
020 _a8429151443
035 _a(Sirsi) i9788429151442
040 _aPE-LiUPU
_bspa
_cPE-LiUPU
_erda
049 _aPRUA
100 1 _aStroud , K.A.,
_eautor.
245 1 0 _aProblemas de Matematicas,para Facultades de Ciencias Escuelas Tecnicas Escuelas de Ingeneria.
264 1 _aBarcelona :
_breverté, S.A,
_c1978.
300 _a737 páginas ;
_c24 centímetros
336 _atext
_2rdacontent
337 _aunmediated
_2rdamedia
338 _avolume
_2rdacarrier
505 0 _aNúmeros Complejos, parte I,II. - Funciones Hiperbólicas. - Determinantes. - Vectores. - Derivadas. - Aplicaciones de las derivadas, parte I,II. - Derivadas parciales, parte I,II. - Series, parte I,II. Integración, parte I,II. - Formulas de reducción. - Aplicaciones de las integrales, parte I,II,III. - Integración aproximada. - Sistema de coordenadas polares. - Integrales múltiples. - Ecuaciones diferenciales de primer orden y segundo orden. - Métodos con el operador D. - Soluciones.
526 _aSEG44
526 _aSEG26
526 _aP159
526 _aP155
526 _aP154
526 _aP153
526 _aP150
526 _aP100
526 _aP31
526 _aP30
526 _aP26
526 _aP25
526 _aP24
526 _aP22
526 _aP15
526 _aP10
650 0 4 _aMatematicas
_vestucio y enseñanza.
650 0 4 _aMatematicas
_xproblemas y ejercicios.
942 _2ddc
_cBOOK
949 _a510.7 S83
_wDEWEY
_c1
_i22614
_lCCODEBUL1
_mBUL
_r0
_sY
_tBOOK
_u2015-6-25
_xEDUCACION
_zUNKNOWN
_0COMPRA
_o.STAFF. Colección General
949 _a510.7 S83
_wDEWEY
_c2
_i55183
_lCCODEBUL1
_mBUL
_r0
_sY
_tBOOK
_u2015-6-25
_xEDUCACION
_zUNKNOWN
_0COMPRA
_o.STAFF. Colección General
994 _aC0
_bPEPRU
596 _a1
999 _a510.7 S83
_wDEWEY
_c38162
_i22614
_d38162
_e2018-1-30
_f2017-2-16
_g1
_kCHECKEDOUT
_lCCODEBUL1
_mBUL
_n1
_p94.00
_q1
_rM
_sY
_tBOOK
_u2015-6-25
_xEDUCACION
_zUNKNOWN
_0COMPRA
_o.STAFF. Colección General
999 _a510.7 S83
_wDEWEY
_c2
_i55183
_d2017-10-26
_e2017-10-20
_f2021-11-5
_g5
_lCCODEBUL1
_mBUL
_n1
_p94.00
_r0
_sN
_tBOOK
_u2015-6-25
_xBIBLIOTECA
_zUNKNOWN
_0COMPRA
_o.STAFF. Colección General
980 _81
_gALBERTO SANCHEZ Responsable de Automatización